| 000 | 00000nam 2200000zi 4500 |
| 001 | 9.932748 |
| 003 | CaOODSP |
| 005 | 20240626111735 |
| 006 | m o d f |
| 007 | cr mn||||||||| |
| 008 | 240119e20231011onc ob f000 0 eng d |
| 040 | |aCaOODSP|beng|erda|cCaOODSP |
| 043 | |an-cn--- |
| 086 | 1 |aYM32-3/441-C50E-PDF |
| 100 | 1 |aFan, Dana, |eauthor. |
| 245 | 10|aBill C-50 : |ban Act respecting accountability, transparency and engagement to support the creation of sustainable jobs for workers and economic growth in a net-zero economy / |cDana Fan and Laura Salter. |
| 246 | 3 |aLegislative summary of Bill C-50 : |ban Act respecting accountability, transparency and engagement to support the creation of sustainable jobs for workers and economic growth in a net-zero economy |
| 250 | |a[11 October 2023 edition]. |
| 264 | 1|aOttawa : |bLibrary of Parliament = Bibliothè€que du Parlement, |c11 October 2023. |
| 264 | 4|c©2023 |
| 300 | |a1 online resource (i, 7 pages). |
| 336 | |atext|btxt|2rdacontent |
| 337 | |acomputer|bc|2rdamedia |
| 338 | |aonline resource|bcr|2rdacarrier |
| 490 | 1 |aLegislative summary ; |v44-1-C50-E |
| 500 | |aCover title. |
| 500 | |aIssued also in French under title: Projet de loi C-50 : Loi concernant la responsabilité, la transparence et la mobilisation à l'appui de la création d'emplois durables pour les travailleurs et de la croissance économique dans une économie carboneutre. |
| 504 | |aIncludes bibliographical references (pages 6-7). |
| 520 | |a"The Government of Canada describes this legislative initiative as the product of comprehensive consultation, the purpose of which is to establish both a plan and mechanisms for governance and accountability to place the federal government in a better position to support workers and communities as Canada works to build a net-zero economy"--Background, page 1. |
| 650 | 0|aJob creation|xLaw and legislation|zCanada. |
| 650 | 0|aSustainable development|xLaw and legislation|zCanada. |
| 710 | 1 |aCanada. |bLibrary of Parliament, |eissuing body. |
| 710 | 1 |aCanada. |bParliamentary Information, Education and Research Services, |eissuing body. |
| 775 | 08|tProjet de loi C-50 : |w(CaOODSP)9.932753 |
| 794 | |tBill C-50 : |b[Preliminary version unedited, Revised 28 May 2024]|w(CaOODSP)9.939862 |
| 830 | #0|aLegislative summary (Canada. Parliamentary Information, Education and Research Services)|v44-1-C50-E.|w(CaOODSP)9.504770 |
| 856 | 40|qPDF|s671 KB|uhttps://publications.gc.ca/collections/collection_2024/bdp-lop/ls/YM32-3-441-C50-eng.pdf |